1035 1091 1600 1713 1443 1855 1484 1101 1248 1417 1461 1712 1072 1618 1241 1636 1553 1400 1307 1155 1494 1773 1026 1168 1883 1405 1257 1621 1539 1363 1553 1057 1726 1258 1571 1782 1424 1042 1429 1726 1795 1657 1249 1381 1517 1568 1743 1176 1082 1502 1849 1719 1839 1723 1971 1580 1580 1817 1514 1617 1943 1102 1810 1154 1713 1546 1940 1833 1025 1045 1004 1762 1863 1414 1777 1408 1215 1404 1789 1919 1214 1062 1730 1932 1451 1751 1603 1040 1091 1843 1486 1587 1762 1728 1550 1051 1111 1919 1008 BCNSPRNW ULIB Ver.6.0+V

เปลี่ยนเป็นภาษาไทย

Change to English
 แสดงรายละเอียดบรรณานุกรม
  กลับหน้าหลัก

Brief Record : Get Marc (ISO 2709) : E-mail record : QR code < ปิดหน้าต่าง
LEADER : 00000nam 2200000uu 4500
001    13399127439
003     ULIB
008    200525s2017||||th 000 0 tha d
020    ^a9781496354990 (pbk.)
060 04 ^aWG18.2^bA184
245 00 ^aACLS review made incredibly easy!^cclinical editor, KateStout.
246 30 ^aAdvanced cardiac life support made incredibly easy!
250    ^a3rd ed.
260    ^aPhiladelphia :^bWolters Kluwer Health/Lippincott Williams& Wilkins,^c2017
300    ^aix, 349 p. :^bill. ;^c23 cm.
490 1  ^aIncredibly easy (Philadelphia, Pa.)
504    ^aIncludes bibliographical references and index
505 0  ^aACLS essentials / Marguerite Ambrose -- ACLS in practice /Louise Colwill -- Recognizing cardiac arrhythmias /Marguerite Ambrose -- Airway management / Margaret McAtee-- Electrical therapy / Antoinette Pretto-Sparkle --Cardiovascular pharmacology / Kerry Rinato -- I.V. accessand invasive techniques / Deborah Murphy -- Treatmentalgorithms / Louise Colwill -- Critical situations /Kathleen M. Hill -- Megacode review / Jared Kutzin.
650  2 ^aAdvanced Cardiac Life Support^xmethods^vProblems andExercises
650  2 ^aArrhythmias, Cardiac^xtherapy^vProblems and Exercises
650  2 ^aCertification^xmethods^vProblems and Exercises
710 2  ^aLippincott Williams & Wilkins
710 1  ^aStout, Kate,^d1957-^eeditor.
830  0 ^aIncredibly easy (Philadelphia, Pa.)
945    ^p0^l0^i28319
999    ^aกัณชพร จุลอักษร
รายการนี้ยังไม่มีแท็ก
คุณยังไม่ได้ล็อกอิน คุณสามารถมีกิจกรรมร่วมกับเว็บไซต์ได้ แต่ต้องล็อกอินก่อน ::
  ล็อกอิน

รายการสื่อสารสนเทศ

ลำดับที่ ประเภท เลขเรียก/บาร์โค้ด สถานที่ สถานะ
1. หนังสือสำรอง
หนังสือสำรอง
WG18.2 A184 ฉ.1 
  Barcode: 28319
ห้องสมุดวิทยาเขตนครสวรรค์
►หนังสือทั่วไป:l:General Books
บนชั้น

BibComment


ยังไม่เคยถูกคอมเมนท์

คอมเมนท์ทรัพยากรรายการนี้
  คอมเมนท์: ACLS review made..


 Copyright 2026. Bcnsprnw @Library